Síntesis de historia de España / C. Pérez Bustamante
Descripción Física:
269 p. : amb map. ; 19 cm
Materias:
Espanya -- Història
MARC
| LEADER | 00000nam a2200000Ia 4500 | ||
|---|---|---|---|
| 001 | 1819 | ||
| 008 | 160829s1944 xx 000 0 cat d | ||
| 080 | |a H-1-223 | ||
| 100 | |a Pérez-Bustamante, Ciriaco |9 37792 | ||
| 245 | |a Síntesis de historia de España / C. Pérez Bustamante | ||
| 250 | |a 5a ed., corr. | ||
| 260 | |a Madrid : |b Atlas, |c 1944 | ||
| 300 | |a 269 p. : |b amb map. ; |c 19 cm | ||
| 651 | 0 | |a Espanya |x Història |9 55573 | |
| 901 | |a Arxiu | ||
| 942 | |n 1 | ||
| 952 | |0 0 |1 0 |4 0 |6 H1223 |7 1 |9 48079 |a Arxiu |b Arxiu |d 2016-12-01 |l 0 |o H-1-223 |p 1819 |r 2016-12-01 00:00:00 |w 2016-12-01 |y ARXIU | ||
| 999 | |c 51882 |d 51882 | ||